000 00904nam a22002657a 4500
001 32700
003 AR-RoBPED
005 20260506134850.0
008 260505s1977 sp ad||br|||| 001 0 spa d
040 _aAR-RoBPED
041 _aspa
100 1 _aLozano Rey, Luis,
_d1879-1958
_922793
245 1 _aCiencias :
_bestudio de la naturaleza.
_n3 /
_cLuis Rey ; dibujos Joel Kuri , Antonio Carmona
250 _a3a ed.
260 _aBilbao :
_bVasco Americana,
_c1974/6?
300 _a206 p. :
_bil. col.
505 _aAnatomía -- Animales -- Invertebrados -- Botánica -- La tierra -- El Universo.
650 4 _aARCHIVO INFANTIL
_924464
650 4 _aCIENCIAS NATURALES
_9535
650 4 _aCUARTO GRADO
_91621
700 _aKuri, Joel
_930870
_eil.
700 _aCarmona, Antonio
_930871
_eil.
942 _2udc
_cBK
_h502
_kIA
_mLR 91 3
_aK. 32700
_pInv. 42428
945 _acd 05/05/2026 - lgc 05/05/2026
999 _c32700
_d32700